00486 2200205 4500001002100000008004100021035002000062245004600082100001900128250000600147260003200153300001200185084001400197082000800211650001300219990001200232990001200244990001200256990001200268INLIS000000000000735 ind  a0010-0424000711 aMesin Sepeda MotorcMoch. Solikhin, M.Kes aSolikhin, Moch a1 aYogyakarta :bInsaniac2011 a154 hlm a600 MOC m a600 aNonfiksi a0721976 a0721977 a0721978 a0721979